000 00279nam a2200097Ia 4500
008 220204s9999 xx 000 0 und d
082 _a38(058.7)
_bNEW
245 0 _aNew All India directory of trade, commerce and industries
260 _aDelhi
_bDelhi Publication
_c1979
942 _cBK
999 _c29615
_d29615